[Event "Helmut-Kohls-Turnier 2018"]
[Site "Dortmund GER"]
[Date "2018.07.14"]
[Round "1.1"]
[White "Bork, Sophie"]
[Black "Garbuz, Vitaliy"]
[Result "0-1"]
[WhiteElo "1916"]
[BlackElo "2055"]
[WhiteFideId "12905429"]
[BlackFideId "12990710"]
[EventDate "2018.07.14"]

1. e4 e5 2. Nf3 Nc6 3. Bb5 a6 4. Ba4 Nge7 5. c3 g6 6. d4 exd4 7. cxd4 Bg7 8. d5
b5 9. Bc2 Na5 10. Nc3 d6 11. O-O O-O 12. Bg5 h6 13. Bh4 Nc4 14. Qc1 g5 15. Bg3
Ng6 16. Bd3 g4 17. Nd2 Nce5 18. Be2 f5 19. exf5 Bxf5 20. f3 Nd3 21. Bxd3 Bxd3
22. Re1 Bd4+ 23. Kh1 Qg5 24. Nce4 Qxd5 25. Nb3 gxf3 26. gxf3 Rxf3 27. Nxd4 Qxd4
28. Qxh6 Bxe4 29. Rxe4 Qxe4 30. Kg1 Qe3+ 0-1

[Event "Helmut-Kohls-Turnier 2018"]
[Site "Dortmund GER"]
[Date "2018.07.14"]
[Round "1.2"]
[White "Pahl, Erik"]
[Black "De Boer, Bas"]
[Result "0-1"]
[WhiteElo "2089"]
[BlackElo "2139"]
[WhiteFideId "16201272"]
[BlackFideId "1050729"]
[EventDate "2018.07.14"]

1. e4 c5 2. Nf3 e6 3. d4 cxd4 4. Nxd4 Nc6 5. Nc3 Qc7 6. Be3 a6 7. Qd2 Nf6 8.
O-O-O Be7 9. f3 b5 10. Bf4 e5 11. Nxc6 dxc6 12. Be3 Be6 13. Kb1 O-O 14. g4 Rfd8
15. Bd3 a5 16. h4 a4 17. h5 b4 18. Ne2 c5 19. g5 Ne8 20. f4 c4 21. f5 cxd3 22.
cxd3 Bc4 23. Nc1 b3 24. a3 Ba6 25. f6 Qc2+ 26. Qxc2 bxc2+ 27. Kxc2 gxf6 28. gxf6
Nxf6 29. Bh6 Kh8 30. Rdf1 Rg8 31. Rhg1 Rxg1 32. Rxg1 Rg8 33. Rf1 Rg2+ 34. Kc3
Nxe4+ 0-1

[Event "Helmut-Kohls-Turnier 2018"]
[Site "Dortmund GER"]
[Date "2018.07.14"]
[Round "1.3"]
[White "Sewald, Kathrin"]
[Black "Knudsen, Simon"]
[Result "0-1"]
[WhiteElo "2031"]
[BlackElo "2197"]
[WhiteFideId "12964557"]
[BlackFideId "12985546"]
[EventDate "2018.07.14"]

1. e4 c5 2. d3 Nc6 3. Be3 Nf6 4. Nd2 d6 5. h3 e5 6. g3 d5 7. f3 Be7 8. Bg2 O-O
9. Ne2 d4 10. Bf2 Ne8 11. O-O Be6 12. f4 f6 13. Nf3 Nd6 14. Nh4 c4 15. g4 cxd3
16. cxd3 Qb6 17. Qb1 Rfc8 18. Rc1 Nb4 19. a3 Rxc1+ 20. Nxc1 Na6 21. Nf5 Bf8 22.
Bg3 Nf7 23. b4 g6 24. Nh4 exf4 25. Bf2 Bd6 26. Ne2 Be5 27. Nf3 Rd8 28. Qc1 Qd6
29. Qb2 Ng5 30. Nd2 Nc7 31. Rc1 Nb5 32. h4 Nc3 33. Nc4 Bxc4 34. hxg5 Be6 35. Bf3
fxg5 36. Be1 h5 37. gxh5 g4 38. Bh1 Rc8 39. Kf1 f3 40. Nxc3 dxc3 41. Qc2 gxh5
42. Rd1 Bd4 43. Bh4 Qf4 0-1

[Event "Helmut-Kohls-Turnier 2018"]
[Site "Dortmund GER"]
[Date "2018.07.14"]
[Round "1.4"]
[White "Wuebker, Paul-Luca"]
[Black "Wensing, Maximilian"]
[Result "1-0"]
[WhiteElo "2030"]
[BlackElo "2062"]
[WhiteFideId "12939528"]
[BlackFideId "16222415"]
[EventDate "2018.07.14"]

1. d4 Nf6 2. c4 g6 3. Nc3 d5 4. cxd5 Nxd5 5. e4 Nxc3 6. bxc3 Bg7 7. Be3 c5 8.
Nf3 Qa5 9. Qd2 Nc6 10. Rc1 cxd4 11. cxd4 Qxd2+ 12. Kxd2 O-O 13. Bb5 Rd8 14. Bxc6
bxc6 15. Rc5 Rb8 16. Rhc1 Rb2+ 17. R1c2 Rxc2+ 18. Kxc2 Bg4 19. Ne5 Bxe5 20. Rxe5
Be6 21. Ra5 Rd7 22. Kc3 Rb7 23. d5 cxd5 24. exd5 Bf5 25. Bxa7 Be4 26. f3 Bxd5
27. Rxd5 Rxa7 28. Rd2 e5 29. Kb4 Rb7+ 30. Kc5 Ra7 31. Kb5 f5 32. a4 e4 33. fxe4
fxe4 34. Re2 Re7 35. Kc4 Ra7 36. Kb3 Re7 37. Kc3 Ra7 38. Rxe4 Kf7 39. Kb3 h5 40.
Re2 Rb7+ 41. Kc4 Rb8 42. a5 Ra8 43. Kb5 Rb8+ 44. Kc6 Ra8 45. Kb6 Rb8+ 46. Kc7
Rb1 47. a6 Ra1 48. Kb7 Rb1+ 49. Ka8 Ra1 50. a7 Rb1 51. Rc2 g5 52. Rc8 Rb2 53.
Rb8 Rxg2 54. Kb7 Ra2 55. a8=Q Rxa8 56. Rxa8 Ke6 57. Ra5 1-0

[Event "Helmut-Kohls-Turnier 2018"]
[Site "Dortmund GER"]
[Date "2018.07.14"]
[Round "1.5"]
[White "Wedda, Dries"]
[Black "Kartsev, Nikolay"]
[Result "1-0"]
[WhiteElo "2069"]
[BlackElo "2084"]
[WhiteFideId "1053787"]
[BlackFideId "12939536"]
[EventDate "2018.07.14"]

1. d4 Nf6 2. c4 e6 3. Nf3 d5 4. g3 dxc4 5. Bg2 Nc6 6. Qa4 Qd5 7. Nc3 Bb4 8. Nh4
Ne4 9. Qc2 f5 10. O-O Qxd4 11. Nxe4 fxe4 12. Bxe4 Bd7 13. Bg5 Qc5 14. Nf3 Ne5
15. Nxe5 Qxe5 16. Bf4 Qb5 17. Bxc7 Bc6 18. Bxh7 Kd7 19. Bf4 Qh5 20. Rad1+ Kc8
21. Qg6 Qh3 22. e4 Rxh7 23. g4 b5 24. Qxe6+ Kb7 25. Rd7+ Kb6 26. Bc7+ Kb7 27.
Bd8+ Kb8 28. Qe5+ Kc8 29. Qc7# 1-0

[Event "Helmut-Kohls-Turnier 2018"]
[Site "Dortmund GER"]
[Date "2018.07.15"]
[Round "2.1"]
[White "Garbuz, Vitaliy"]
[Black "Kartsev, Nikolay"]
[Result "1/2-1/2"]
[WhiteElo "2055"]
[BlackElo "2084"]
[WhiteFideId "12990710"]
[BlackFideId "12939536"]
[EventDate "2018.07.14"]

1. e4 c5 2. Nf3 d6 3. d4 cxd4 4. Nxd4 Nf6 5. f3 Nc6 6. c4 e6 7. Nc3 d5 8. cxd5
exd5 9. Bb5 Bd7 10. exd5 Nxd5 11. Nxd5 Qh4+ 12. g3 Qxd4 13. Qe2+ Kd8 14. Bg5+ f6
15. Rd1 Bb4+ 16. Nxb4 Qxb4+ 17. Bd2 Qe7 18. Ba5+ Ke8 19. Qxe7+ Kxe7 20. Bb4+ Kd8
21. Kf2 a6 22. Bxc6 bxc6 23. Rd6 Kc8 24. Rhd1 Rb8 25. a3 Rb7 26. Re1 Re8 27.
Rxe8+ Bxe8 28. Ke3 Kc7 29. Re6 Bf7 30. Re7+ Kc8 31. Rxb7 Kxb7 32. Bf8 g6 33. Bg7
f5 34. Kf4 Bd5 35. h4 Kb6 36. Ke3 Kc5 37. Bf8+ Kc4 38. f4 1/2-1/2

[Event "Helmut-Kohls-Turnier 2018"]
[Site "Dortmund GER"]
[Date "2018.07.15"]
[Round "2.2"]
[White "Wensing, Maximilian"]
[Black "Wedda, Dries"]
[Result "0-1"]
[WhiteElo "2062"]
[BlackElo "2069"]
[WhiteFideId "16222415"]
[BlackFideId "1053787"]
[EventDate "2018.07.14"]

1. e4 c5 2. Nf3 d6 3. d4 cxd4 4. Nxd4 Nf6 5. Nc3 a6 6. h3 b5 7. a3 Bb7 8. Qd3
Nbd7 9. Nb3 Rc8 10. Bg5 g6 11. Bxf6 Nxf6 12. Be2 Bg7 13. f4 O-O 14. Bf3 Rxc3 15.
bxc3 Qa8 16. Nd2 Rc8 17. Rb1 Nh5 18. Bxh5 Rxc3 19. Bf3 Rxd3 20. cxd3 Bh6 21. g3
Qa7 22. a4 e5 23. axb5 axb5 24. Rxb5 exf4 25. gxf4 Bxf4 26. Nc4 Ba6 27. Ra5 Qb7
28. Rxa6 Qxa6 29. O-O Qa2 30. Bg2 g5 31. Rf2 Qb1+ 32. Bf1 Qc1 33. Kg2 Kg7 34.
Rf3 h5 35. Rf2 Kg6 36. Be2 Qe1 37. Bf1 h4 38. Rf3 Bg3 39. Kg1 g4 40. hxg4 h3 41.
Nb6 h2+ 42. Kg2 Bf2 43. Nd5 h1=Q+ 0-1

[Event "Helmut-Kohls-Turnier 2018"]
[Site "Dortmund GER"]
[Date "2018.07.15"]
[Round "2.3"]
[White "Knudsen, Simon"]
[Black "Wuebker, Paul-Luca"]
[Result "1-0"]
[WhiteElo "2197"]
[BlackElo "2030"]
[WhiteFideId "12985546"]
[BlackFideId "12939528"]
[EventDate "2018.07.14"]

1. e4 c5 2. Nf3 d6 3. d4 cxd4 4. Nxd4 Nf6 5. Nc3 g6 6. Be3 Bg7 7. f3 O-O 8. Qd2
Nc6 9. O-O-O d5 10. exd5 Nxd5 11. Nxc6 bxc6 12. Bd4 e5 13. Bc5 Be6 14. Ne4 f5
15. Ng5 Bh6 16. h4 Re8 17. Bc4 Nf4 18. Qxf4 Bxg5 19. Bxe6+ 1-0

[Event "Helmut-Kohls-Turnier 2018"]
[Site "Dortmund GER"]
[Date "2018.07.15"]
[Round "2.4"]
[White "De Boer, Bas"]
[Black "Sewald, Kathrin"]
[Result "0-1"]
[WhiteElo "2139"]
[BlackElo "2031"]
[WhiteFideId "1050729"]
[BlackFideId "12964557"]
[EventDate "2018.07.14"]

1. Nf3 d6 2. d4 g6 3. c4 Bg7 4. e4 Nd7 5. Be2 c5 6. O-O Qb6 7. Nc3 Ngf6 8. d5
O-O 9. h3 Ne8 10. Qc2 Qd8 11. Be3 Nc7 12. Nd2 Rb8 13. f4 f5 14. exf5 gxf5 15.
Bd3 Nb6 16. Rae1 e6 17. dxe6 Bxe6 18. Nb5 Nxb5 19. cxb5 Qf6 20. b3 Kh8 21. Nc4
Rbd8 22. Nxb6 axb6 23. Qe2 Rde8 24. Bf2 Qg6 25. Qf3 d5 26. b4 c4 27. Bb1 d4 28.
Qxb7 d3 29. Re3 Bd4 30. Kh2 Bxe3 31. Bxe3 Bc8 32. Bd4+ Kg8 33. Qd5+ Qe6 34. Qf3
Rf7 35. a4 Bb7 36. Qg3+ Qg6 37. Qxg6+ hxg6 38. Bxb6 Re2 39. Rg1 Rb2 40. Bc5 d2
41. a5 d1=Q 0-1

[Event "Helmut-Kohls-Turnier 2018"]
[Site "Dortmund GER"]
[Date "2018.07.15"]
[Round "2.5"]
[White "Bork, Sophie"]
[Black "Pahl, Erik"]
[Result "0-1"]
[WhiteElo "1916"]
[BlackElo "2089"]
[WhiteFideId "12905429"]
[BlackFideId "16201272"]
[EventDate "2018.07.14"]

1. e4 c5 2. d4 cxd4 3. c3 Nf6 4. e5 Nd5 5. Nf3 Nc6 6. cxd4 d6 7. Bc4 Nb6 8. Bb5
dxe5 9. Nxe5 Bd7 10. Nxd7 Qxd7 11. Nc3 e6 12. O-O Rd8 13. a4 a6 14. Bxc6 Qxc6
15. Bg5 f6 16. Bh4 Be7 17. Rc1 O-O 18. Re1 Nd5 19. Nxd5 Qxd5 20. Bg3 Rd7 21. Qe2
Kf7 22. h3 Rfd8 23. Rc2 Bb4 24. Rd1 e5 25. Qh5+ Kg8 26. Re2 exd4 27. Re8+ Bf8
28. Qxd5+ Rxd5 29. Rxd8 Rxd8 30. Bc7 Rd5 31. Bb6 d3 32. f3 Kf7 33. Kf2 Bb4 34.
Ke3 d2 35. Bd4 Ke6 36. Bc3 Bxc3 37. bxc3 b5 38. axb5 axb5 39. Rxd2 Rxd2 40. Kxd2
Ke5 41. Ke3 h5 42. g3 Kd5 43. Kd3 Kc5 44. f4 f5 45. h4 Kd5 46. Kc2 Kc4 47. Kd2
Kb3 48. Kd3 g6 49. Kd2 Kb2 50. Kd3 Kc1 51. c4 bxc4+ 52. Kxc4 Kd2 53. Kd5 Ke3 54.
Ke6 Kf3 55. Kf6 Kxg3 56. Kxg6 Kg4 0-1

[Event "Helmut-Kohls-Turnier 2018"]
[Site "Dortmund GER"]
[Date "2018.07.16"]
[Round "3.1"]
[White "Pahl, Erik"]
[Black "Garbuz, Vitaliy"]
[Result "1/2-1/2"]
[WhiteElo "2089"]
[BlackElo "2055"]
[WhiteFideId "16201272"]
[BlackFideId "12990710"]
[EventDate "2018.07.14"]

1. e4 Nf6 2. e5 Nd5 3. d4 d6 4. Nf3 dxe5 5. dxe5 Bg4 6. c4 Nb4 7. Qb3 N8c6 8.
Be3 a5 9. a3 a4 10. Qc3 e6 11. Nbd2 Na6 12. Be2 Bc5 13. O-O O-O 14. Rad1 Bxe3
15. Qxe3 Qe7 16. h3 Bf5 17. Ne4 Rfd8 18. Ng3 Bg6 19. h4 Nc5 20. Qc3 h6 21. Rfe1
Nb3 22. h5 Bh7 23. Qe3 Bc2 24. Rxd8+ Rxd8 25. Ne4 Ncd4 26. Nxd4 Nxd4 27. Bd1 Nf5
28. Qe2 Nd4 29. Qg4 Bxd1 30. Rxd1 Nc6 31. f4 Nd4 32. Rd3 Nf5 33. Qd1 Rxd3 34.
Qxd3 Qh4 35. g3 Qxh5 36. Kg2 Qd1 37. Nd2 Qe1 38. Nf1 Qc1 39. Qc3 Qd1 40. Qd2
Qxd2+ 41. Nxd2 Ne3+ 42. Kf3 Nd1 43. b3 axb3 44. Nxb3 Nb2 45. c5 Na4 46. Ke4 Nc3+
47. Kd3 Nd5 48. Ke4 h5 49. f5 g5 50. Nd4 h4 51. gxh4 gxh4 52. fxe6 h3 53. exf7+
Kxf7 54. Kf3 Nf4 55. Kg3 Nd3 56. c6 b6 57. Nb5 Nxe5 58. Nxc7 Nxc6 59. Nd5 b5 1/2-1/2

[Event "Helmut-Kohls-Turnier 2018"]
[Site "Dortmund GER"]
[Date "2018.07.16"]
[Round "3.2"]
[White "Sewald, Kathrin"]
[Black "Bork, Sophie"]
[Result "1-0"]
[WhiteElo "2031"]
[BlackElo "1916"]
[WhiteFideId "12964557"]
[BlackFideId "12905429"]
[EventDate "2018.07.14"]

1. e4 e5 2. Nf3 Nc6 3. Bc4 Bc5 4. d3 Nf6 5. Bb3 O-O 6. c3 d5 7. Qe2 a5 8. O-O a4
9. Bc2 Re8 10. h3 d4 11. Rd1 Be6 12. Ng5 Qd7 13. Nxe6 Rxe6 14. Nd2 Bf8 15. Nf3
h6 16. Nh4 Ne7 17. cxd4 exd4 18. f4 Rb6 19. Rf1 Re8 20. Qd1 Ra6 21. a3 c5 22.
Bb1 b5 23. Ba2 Rc8 24. Nf3 Nc6 25. Bd2 Ne8 26. Qe1 Nc7 27. Qg3 Qd6 28. e5 Qd8
29. f5 Nb8 30. Nh4 Nd5 31. f6 g5 32. Nf5 Nc7 33. Bxg5 hxg5 34. Qxg5+ 1-0

[Event "Helmut-Kohls-Turnier 2018"]
[Site "Dortmund GER"]
[Date "2018.07.16"]
[Round "3.3"]
[White "Wuebker, Paul-Luca"]
[Black "De Boer, Bas"]
[Result "0-1"]
[WhiteElo "2030"]
[BlackElo "2139"]
[WhiteFideId "12939528"]
[BlackFideId "1050729"]
[EventDate "2018.07.14"]

1. d4 d5 2. c4 c6 3. Nc3 Nf6 4. Nf3 e6 5. Qb3 Bd6 6. Bg5 h6 7. Bh4 Nbd7 8. e4
dxe4 9. Nxe4 Qa5+ 10. Nc3 c5 11. Qb5 Qc7 12. Bxf6 gxf6 13. dxc5 Bxc5 14. b4 Be7
15. Be2 a6 16. Qa4 b5 17. Nxb5 Qc6 18. Nc3 Qxa4 19. Nxa4 Bxb4+ 20. Kf1 Bb7 21.
Rb1 a5 22. a3 Be4 23. Ra1 Bc5 24. Nc3 Bb7 25. Nb5 Be4 26. g3 Bb7 27. Kg2 Ke7 28.
Rhd1 Ne5 29. Rac1 Rhc8 30. a4 Ra6 31. Nd4 Rd6 32. Kf1 Nxf3 33. Nxf3 Rxd1+ 34.
Bxd1 Rd8 35. Ke2 Ba7 36. Ne1 Rb8 37. Nd3 Bc6 38. Kd2 e5 39. f3 Bd4 40. Ke2 f5
41. Bc2 h5 42. Re1 Kf6 43. Rf1 Bd7 44. Kd2 Be6 45. c5 Bd7 46. Rc1 Bc6 47. Bd1 h4
48. g4 fxg4 49. fxg4 e4 50. Ne1 Rb2+ 51. Rc2 Rxc2+ 52. Bxc2 Bxc5 53. Ng2 h3 54.
Ne3 Kg5 55. Nc4 Bd5 56. Nxa5 Bb4+ 57. Ke3 Bxa5 58. Bxe4 Bb6+ 59. Kf3 Bxe4+ 0-1

[Event "Helmut-Kohls-Turnier 2018"]
[Site "Dortmund GER"]
[Date "2018.07.16"]
[Round "3.4"]
[White "Wedda, Dries"]
[Black "Knudsen, Simon"]
[Result "1/2-1/2"]
[WhiteElo "2069"]
[BlackElo "2197"]
[WhiteFideId "1053787"]
[BlackFideId "12985546"]
[EventDate "2018.07.14"]

1. d4 d5 2. c4 e6 3. Nf3 c6 4. Qb3 Nf6 5. Bg5 Bd6 6. Nc3 h6 7. Bxf6 Qxf6 8. e4
Qg6 9. e5 Be7 10. Be2 Nd7 11. O-O O-O 12. Qd1 Qh7 13. Ne1 g6 14. Nc2 Rd8 15. c5
Qg7 16. f4 b6 17. b4 a5 18. a3 f6 19. Kh1 bxc5 20. bxc5 fxe5 21. fxe5 Ba6 22.
Bxa6 Rxa6 23. Qg4 Nf8 24. Ne2 h5 25. Qh3 Re8 26. Rf3 Ra7 27. Raf1 Rb7 28. Nf4
Bg5 29. Qg3 Bd8 30. Nh3 Rb2 31. R3f2 g5 32. Ne1 Rb7 33. Nc2 Rb2 34. Ne1 Rb7 35.
Nc2 Rb2 1/2-1/2

[Event "Helmut-Kohls-Turnier 2018"]
[Site "Dortmund GER"]
[Date "2018.07.16"]
[Round "3.5"]
[White "Kartsev, Nikolay"]
[Black "Wensing, Maximilian"]
[Result "1-0"]
[WhiteElo "2084"]
[BlackElo "2062"]
[WhiteFideId "12939536"]
[BlackFideId "16222415"]
[EventDate "2018.07.14"]

1. e4 c5 2. Nf3 d6 3. d4 cxd4 4. Nxd4 Nf6 5. Nc3 a6 6. Bg5 e6 7. f4 Be7 8. Qf3
h6 9. Bxf6 Bxf6 10. O-O-O Qb6 11. Nb3 Qc7 12. e5 Be7 13. exd6 Bxd6 14. g3 Bd7
15. Qg4 O-O 16. Bd3 b5 17. Qh5 Nc6 18. Ne4 Be7 19. Nec5 Be8 20. Kb1 Rc8 21. Nxa6
Qa7 22. Bxb5 Qb6 23. Qe2 Na5 24. Bd3 Bc6 25. Rhe1 Ra8 26. Qe3 Qxe3 27. Rxe3 Nxb3
28. cxb3 Rfc8 29. b4 Bb7 30. b5 Rd8 31. Rde1 Bf6 32. Be4 Bxa6 33. Bxa8 Bxb5 34.
Be4 Rd2 35. Rb3 1-0

[Event "Helmut-Kohls-Turnier 2018"]
[Site "Dortmund GER"]
[Date "2018.07.17"]
[Round "4.1"]
[White "Garbuz, Vitaliy"]
[Black "Wensing, Maximilian"]
[Result "1-0"]
[WhiteElo "2055"]
[BlackElo "2062"]
[WhiteFideId "12990710"]
[BlackFideId "16222415"]
[EventDate "2018.07.14"]

1. e4 c5 2. Nc3 a6 3. a4 Nc6 4. g3 g6 5. Bg2 Bg7 6. d3 e6 7. Be3 Nd4 8. Qd2 Qb6
9. Nd1 Ne7 10. Ra3 d6 11. c3 Ndc6 12. Ne2 Qc7 13. O-O O-O 14. f4 Bd7 15. g4 f5
16. Nf2 b5 17. axb5 axb5 18. Rfa1 Qb7 19. gxf5 exf5 20. e5 Rxa3 21. Rxa3 b4 22.
Ra1 bxc3 23. bxc3 dxe5 24. Bxc5 Ra8 25. Re1 Re8 26. Qa2+ Kh8 27. fxe5 Bxe5 28.
d4 Bg7 29. d5 Qb5 30. dxc6 Nxc6 31. Qd5 Na5 32. Bd4 Bc6 33. Bxg7+ Kxg7 34. Qd3
Qc5 35. Bxc6 Nxc6 36. Rd1 Re3 37. Qd6 Qxd6 38. Rxd6 Ne5 39. Kf1 1-0

[Event "Helmut-Kohls-Turnier 2018"]
[Site "Dortmund GER"]
[Date "2018.07.17"]
[Round "4.2"]
[White "Knudsen, Simon"]
[Black "Kartsev, Nikolay"]
[Result "1-0"]
[WhiteElo "2197"]
[BlackElo "2084"]
[WhiteFideId "12985546"]
[BlackFideId "12939536"]
[EventDate "2018.07.14"]

1. e4 c5 2. Nf3 d6 3. d4 cxd4 4. Nxd4 Nf6 5. Nc3 Nc6 6. Bg5 e6 7. Qd2 a6 8.
O-O-O h6 9. Nxc6 bxc6 10. Bf4 d5 11. Qe3 Qa5 12. Be2 Bb4 13. Be5 Be7 14. Qg3 O-O
15. h4 Ra7 16. Bf4 Kh8 17. e5 Ng8 18. Qd3 Rb7 19. Kb1 Ba3 20. b3 c5 21. Bd2 c4
22. Qe3 Bb4 23. Rh3 Rd8 24. Qf4 d4 25. Ne4 c3 26. Bc1 Qc7 27. Nd6 Bxd6 28. exd6
Qxd6 29. Qxd6 Rxd6 30. Rxc3 Bd7 31. Rc5 Nf6 32. Bf3 Rb5 33. Ba3 Rdb6 34. Rxd4 e5
35. Rxb5 axb5 36. Rd1 Bg4 37. Bc5 Rb8 38. Bxg4 Nxg4 39. Rd7 Kg8 40. Re7 f6 41.
f3 Nh2 42. Rd7 Nf1 43. Bf2 1-0

[Event "Helmut-Kohls-Turnier 2018"]
[Site "Dortmund GER"]
[Date "2018.07.17"]
[Round "4.3"]
[White "De Boer, Bas"]
[Black "Wedda, Dries"]
[Result "1/2-1/2"]
[WhiteElo "2139"]
[BlackElo "2069"]
[WhiteFideId "1050729"]
[BlackFideId "1053787"]
[EventDate "2018.07.14"]

1. d4 Nf6 2. c4 e6 3. Nc3 c5 4. d5 exd5 5. cxd5 d6 6. e4 g6 7. Nf3 Bg7 8. Be2
O-O 9. O-O Re8 10. Nd2 Nbd7 11. Qc2 Nh5 12. Nc4 Ne5 13. Be3 Nxc4 14. Bxc4 f5 15.
exf5 Bxf5 16. Bd3 Bxd3 17. Qxd3 a6 18. a4 Qh4 19. g3 Qg4 20. a5 Qf3 21. Qd1 Qxd1
22. Rfxd1 Nf6 23. Ra4 Nd7 24. Ne4 b5 25. axb6 Nxb6 26. Rda1 Nxa4 27. Rxa4 Be5
28. Bf4 Red8 29. Bxe5 dxe5 30. d6 Rac8 31. Ra5 Rc6 32. d7 Kf7 1/2-1/2

[Event "Helmut-Kohls-Turnier 2018"]
[Site "Dortmund GER"]
[Date "2018.07.17"]
[Round "4.4"]
[White "Bork, Sophie"]
[Black "Wuebker, Paul-Luca"]
[Result "0-1"]
[WhiteElo "1916"]
[BlackElo "2030"]
[WhiteFideId "12905429"]
[BlackFideId "12939528"]
[EventDate "2018.07.14"]

1. e4 c5 2. Nc3 d6 3. d4 cxd4 4. Qxd4 Nc6 5. Qd2 Nf6 6. b3 e5 7. Bb2 a6 8. f3
Be7 9. Nge2 O-O 10. Ng3 b5 11. Be2 Qb6 12. Nd5 Nxd5 13. exd5 Nd8 14. O-O-O Nb7
15. Kb1 a5 16. h4 b4 17. Bc4 a4 18. bxa4 Nc5 19. Bb3 Nxa4 20. Bxa4 Rxa4 21. Ne2
Ba6 22. Nc1 Bc4 0-1

[Event "Helmut-Kohls-Turnier 2018"]
[Site "Dortmund GER"]
[Date "2018.07.17"]
[Round "4.5"]
[White "Pahl, Erik"]
[Black "Sewald, Kathrin"]
[Result "0-1"]
[WhiteElo "2089"]
[BlackElo "2031"]
[WhiteFideId "16201272"]
[BlackFideId "12964557"]
[EventDate "2018.07.14"]

1. e4 e5 2. Nf3 d6 3. d4 Qe7 4. Nc3 c6 5. Bc4 h6 6. a4 Nf6 7. dxe5 dxe5 8. Qe2
Qc7 9. Bd2 Bc5 10. h3 Nbd7 11. Rd1 Nf8 12. Na2 Ne6 13. b4 Be7 14. Bc3 Nd7 15.
Bxe6 fxe6 16. Qc4 Bf6 17. Qxe6+ Kf8 18. Qc4 Ke7 19. b5 c5 20. Nb4 Nb6 21. Nd5+
Nxd5 22. exd5 Kd6 23. Nd2 Bf5 24. Qb3 b6 25. Nc4+ Kd7 26. O-O Rae8 27. Qb2 Rhf8
28. d6 Qb7 29. Bxe5 Qe4 30. Bxf6 gxf6 31. Ne3 Bxh3 32. Rfe1 Rg8 33. f3 Qxf3 0-1

[Event "Helmut-Kohls-Turnier 2018"]
[Site "Dortmund GER"]
[Date "2018.07.18"]
[Round "5.1"]
[White "Sewald, Kathrin"]
[Black "Garbuz, Vitaliy"]
[Result "0-1"]
[WhiteElo "2031"]
[BlackElo "2055"]
[WhiteFideId "12964557"]
[BlackFideId "12990710"]
[EventDate "2018.07.14"]

1. e4 c6 2. d3 d5 3. Nd2 e5 4. Ngf3 Bd6 5. Be2 Ne7 6. O-O O-O 7. Re1 Qc7 8. Nf1
h6 9. Ng3 f5 10. exf5 Nxf5 11. Nxf5 Bxf5 12. Nh4 Bh7 13. Bh5 Qe7 14. Qg4 Qf6 15.
Re2 g5 16. Bd2 Kh8 17. Nf3 Bf5 18. Qa4 Nd7 19. Rae1 Nc5 20. Qa5 b6 21. Qc3 d4
22. Qc4 b5 23. Qb4 a5 24. Qa3 b4 25. Bxb4 axb4 26. Qxa8 Rxa8 27. Nxe5 Bxe5 28.
Rxe5 Ne4 29. Rxf5 Qxf5 30. dxe4 Qf4 31. e5 Rf8 32. f3 Qd2 33. Kf1 g4 34. Bxg4
Qxc2 35. e6 d3 36. e7 Re8 37. Bf5 Kg7 0-1

[Event "Helmut-Kohls-Turnier 2018"]
[Site "Dortmund GER"]
[Date "2018.07.18"]
[Round "5.2"]
[White "Wuebker, Paul-Luca"]
[Black "Pahl, Erik"]
[Result "1-0"]
[WhiteElo "2030"]
[BlackElo "2089"]
[WhiteFideId "12939528"]
[BlackFideId "16201272"]
[EventDate "2018.07.14"]

1. d4 Nf6 2. c4 g6 3. Nc3 Bg7 4. e4 d6 5. f3 O-O 6. Be3 c5 7. dxc5 dxc5 8. Qxd8
Rxd8 9. Bxc5 Nc6 10. Nge2 b6 11. Ba3 Ba6 12. Nb5 Rac8 13. Nec3 Bb7 14. Nd5 Rd7
15. Rd1 Rcd8 16. Be2 e6 17. Nxf6+ Bxf6 18. Rc1 a6 19. Nc3 Bd4 20. Nd1 Rc8 21.
Nf2 a5 22. O-O Nb4 23. Bxb4 axb4 24. b3 Bc6 25. Rc2 Ra7 26. Rd1 e5 27. Kf1 Rca8
28. Nd3 Bc3 29. Nc1 Bd4 30. Bd3 Be3 31. Be2 Bd4 32. Rd3 Kf8 33. Ke1 Ke7 34. Bf1
f6 35. h3 Ke6 36. Re2 Ke7 37. Kd1 Ke6 38. Red2 Ke7 39. Rc2 f5 40. exf5 gxf5 41.
Re2 Kf6 42. g4 f4 43. h4 Be8 44. Bh3 Bg6 45. g5+ Kf7 46. Be6+ Kg7 47. Rdd2 Bh5
48. Bd5 Rd8 49. Be4 Rad7 50. Kc2 Ra7 51. Kb1 Rad7 52. Rd1 Bc3 53. Rxd7+ Rxd7 54.
Kc2 Rd4 55. a4 Rxe4 56. fxe4 f3 57. Rf2 Bd4 58. Nd3 Bxf2 59. Nxf2 Bf7 60. Kd3
Kg6 61. Ng4 Kh5 62. Nxe5 Kxh4 63. Nxf3+ Kg3 64. Ke3 Bh5 65. Ne5 Be8 66. Nd3 Kg4
67. Nxb4 Kxg5 68. Nd5 h5 69. Nxb6 h4 70. Nd5 h3 71. Nf4 h2 72. Nh3+ Kf6 73. Nf2
Bd7 74. b4 Ke5 75. c5 Bxa4 76. Ng4+ Ke6 77. Nxh2 Kd7 78. Nf3 1-0

[Event "Helmut-Kohls-Turnier 2018"]
[Site "Dortmund GER"]
[Date "2018.07.18"]
[Round "5.3"]
[White "Wedda, Dries"]
[Black "Bork, Sophie"]
[Result "1-0"]
[WhiteElo "2069"]
[BlackElo "1916"]
[WhiteFideId "1053787"]
[BlackFideId "12905429"]
[EventDate "2018.07.14"]

1. d4 d5 2. c4 e6 3. Nf3 c5 4. cxd5 exd5 5. g3 Nf6 6. Bg2 Nc6 7. O-O Be7 8. dxc5
Bxc5 9. a3 O-O 10. b4 Be7 11. Bb2 Bg4 12. Nc3 Qd7 13. b5 Nd8 14. Ne5 Qe6 15.
Nxg4 Qxg4 16. Nxd5 Nxd5 17. Qxd5 Rc8 18. Bf3 Qg5 19. Rac1 Rxc1 20. Rxc1 Ne6 21.
Qxg5 Bxg5 22. e3 b6 23. Rd1 Nc5 24. Bd4 Rd8 25. Bxc5 Rxd1+ 26. Bxd1 bxc5 27. Bb3
Be7 28. a4 Bd8 29. Kg2 Kf8 30. Kf3 Ke7 31. Ke4 Bb6 32. Kd5 Kd7 33. Bc4 f6 34. e4
Ke7 35. Kc6 g5 36. h3 h5 37. f3 h4 38. gxh4 gxh4 39. f4 Ke8 40. e5 fxe5 41. fxe5
Ke7 42. Kb7 Kd7 43. Ka6 Ke7 44. a5 Bc7 45. Kxa7 Bxa5 46. b6 Bc3 47. e6 1-0